000 00693nam a22002537a 4500
001 65009
003 UA-OsUOA
005 20200227102716.0
007 ta
008 20091112b un ||||| |||| 00| 0 ukr d
020 _a9789660244382
040 _aUA-OsUOA
_bukr
_cUA-OsUOA
_dUA-OsUOA
041 _aukr
080 _a94(477).04
090 _a94(477).04
_bМ31
100 _aМаслійчук В.
245 _aКошовий отаман Іван Сірко
260 _aК.
_c2007
300 _a73 с.
650 7 _a9 Географія. Біографії. Історія
_2UDC
942 _cBK
_2udc
955 _a4
999 _c351106
_d351106